Postacie z gier wideo #2 - Statystyki

Ogólne statystyki
  • Ten quiz został rozwiązany 1 951 razy
  • Średni wynik to 6 z 20
Statystyki odpowiedzi
Postacie Seria % Poprawnych
Luigi Super Mario
97%
Bulbasaur Pokémon
74%
Kratos God of War
69%
Creeper Minecraft
64%
Niko Bellic Grand Theft Auto
63%
Doktor Eggman Sonic the Hedgehog
40%
Gordon Freeman Half-Life
34%
Kapitan John Price Call of Duty
32%
Chun-Li Street Fighter
29%
Cloud Strife Final Fantasy
16%
Ganondorf Legend of Zelda
15%
Sam Fisher Splinter Cell
14%
Big Daddy Bioshock
12%
Zergling StarCraft
11%
Marcus Fenix Gears of War
8%
John Clark Tom Clancy's Rainbow Six
6%
Lars Ümlaut Guitar Hero
4%
Ryu Hayabusa Ninja Gaiden
4%
Bald Bull Punch-Out!!
4%
Rash, Zitz and Pimple Battletoads
3%
Nie znaleziono quizów pasujących do podanych kryteriów
Rozkład punktacji
Procent ludzi z każdym wynikiem
Percentyl według liczby udzielonych odpowiedzi
Twoja historia wyników
Nie rozwiązałeś tego quizu